Wybierz prawdziwe Polskie kluby (Poziom łatwy) - Statystyki

Ogólne statystyki
  • Ten quiz został rozwiązany 172 razy
    127 od ostatniego zresetowania
  • Średni wynik to 20 z 28
Answers on the Grid
Answers color-coded by a green-red scale on the quiz's grid according to % correct below.
Arka Gdynia
Arka Koszalin
Bruk-Bet Termalica Nieciecza
Cracovia
GKS Tychy
Górnik Łęczna
Górnik Zabrze
Hetman Lublin
Jagiellonia Białystok
Kotwica Kołobrzeg
Kozioł Poznań
Lech Poznań
Lech Stary Sącz
Lechia Gdańsk
Legia Warszawa
ŁKS Łódź
Miedź Legnica
Mokotów Warszawa
Odra Opole
Odra Nysa
PKP Polkowice
Podbeskidzie Bielsko-Biała
Pogoń Szczecin
Polonia Bytom
Polonia Warszawa
Polonia Zduńska Wola
Promień Gdańsk
RKS Radom
Ruch Chorzów
Śląsk Wrocław
Sława Augustów
Sroka Białystok
Stal Łódź
Stal Rzeszów
Stal Stalowa Wola
Warta Poznań
Widzew Łódź
Wieczysta Kraków
Wisła Kraków
Wisła Łódź
Wisłok Rzeszów
WKS Wrocław
Zagłębie Lubin
Zawisza Bydgoszcz
Zawisza Lublin
 
Statystyki odpowiedzi
Odpowiedź % Poprawnych
Arka Gdynia
98%
Cracovia
86%
GKS Tychy
86%
Górnik Zabrze
86%
Lechia Gdańsk
85%
Górnik Łęczna
83%
Jagiellonia Białystok
83%
Bruk-Bet Termalica Nieciecza
82%
Lech Poznań
82%
Legia Warszawa
82%
ŁKS Łódź
80%
Miedź Legnica
77%
Kotwica Kołobrzeg
75%
Odra Opole
75%
Pogoń Szczecin
74%
Polonia Warszawa
72%
Podbeskidzie Bielsko-Biała
68%
Polonia Bytom
68%
Ruch Chorzów
66%
Śląsk Wrocław
62%
Warta Poznań
58%
Wisła Kraków
58%
Wieczysta Kraków
57%
Stal Stalowa Wola
55%
Widzew Łódź
55%
Stal Rzeszów
54%
Zagłębie Lubin
51%
Zawisza Bydgoszcz
48%
Nie znaleziono quizów pasujących do podanych kryteriów
Rozkład punktacji
Procent ludzi z każdym wynikiem
Percentyl według liczby udzielonych odpowiedzi
Twoja historia wyników
Nie rozwiązałeś tego quizu od ostatniego zresetowania